European Investment Bank Group fraud investigations activity report 2018

Detalles Bibliográficos
Formato: eBook
Lenguaje:inglés
Publicado: Bruselas: European Union Publications Office, 2019
Materias:
Acceso en línea:Acceso restringido

MARC

LEADER 00000nam a22000007a 4500
005 2021122909129.0
007 cr|||| ||||
008 211229s2019 eu |||||s||||i00||0 eng d
020 |a 978-92-861-4333-5 
035 |a 33980 
040 |a vLex 
090 |c 12786  |d 12786 
245 0 0 |a European Investment Bank Group fraud investigations activity report 2018  |h [Recurso electrn̤ico] / 
256 |a Servicio en ln̕ea 
260 |a Bruselas:  |b European Union Publications Office,  |c 2019 
300 |a 1 recurso electrn̤ico 
506 1 |a Disponible solo en los productos indicados  |d vLex Global  |d vLex Global (Academic Edition, excluding Law Schools)  |d vLex Global (U.S. Academic Edition, Law Schools)  |d vLex Global (U.S. Academic Edition, excluding Law Schools)  |d vLex Global (Academic Edition, Law Schools) 
650 0 4 |a Financiero  |z Unin̤ Europea 
650 0 4 |a Derecho Comunitario  |z Unin̤ Europea 
740 0 |a vLex Libros (Servicio en ln̕ea) 
856 4 0 |u https://app.vlex.com/#/sources/33980  |z Acceso restringido 
942 |c BOOK 
999 0 |a Financial 
999 0 |a Community Law